• 首页
  • 本馆介绍
  • 公告通知
  • 最新文献
  • 馆藏检索
  • 电子资源
  • 读者导购
  • 参考咨询
  • 我的图书馆
  • 登录
  • 详细信息显示
  • 放入我的书架
  • 预约/预借图书
  • 作者相关作品
  • 分类相关作品
  • 丛书相关作品
  • 出版社相关作品

书目信息

  • 表格格式
  • 工作单格式
  • 卡片格式
题名:
后人类社会
    
 
作者: 罗保林 编著
分册:  
出版信息: 北京   科学普及出版社  2018
页数: 173页
开本: 24cm
丛书名: 蓝色的梦幻丛书
单 册:
中图分类: Q981.1-49
科图分类:
主题词: 人类进化--普及读物
电子资源:
ISBN: 978-7-110-09805-9
000 00771nam0 2200229 450
001 2363867701
005 20231208174529.58
010    @a978-7-110-09805-9@dCNY 48.00
100    @a20180904d2018 em y0chiy0120 ea
101 0  @achi
102    @aCN@b110000
105    @aa z 000yy
200 1  @a后人类社会@Ahou ren lei she hui@b专著@f罗保林编著
210    @a北京@c科学普及出版社@d2018
215    @a173页@c图@d24cm
225 1  @a蓝色的梦幻丛书
330    @a本书分为5章,内容包括:“人类末日”的图景、站在末日悬崖上人类的抉择、科学技术创造出非科幻的“后人类”、后人类社会图景、人类会最终自我毁灭或被灭绝吗。
606 0  @a人类进化@j普及读物
690    @aQ981.1-49@v5
701  0 @a罗保林@Aluo bao lin@4编著
801  2 @aCN@b辽宁北配@c20231205
905    @aBZT@dQ981.1-49@e5
    
    后人类社会/罗保林编著.-北京:科学普及出版社,2018
    173页:图;24cm.-(蓝色的梦幻丛书)
    
    
    ISBN 978-7-110-09805-9:CNY 48.00
    本书分为5章,内容包括:“人类末日”的图景、站在末日悬崖上人类的抉择、科学技术创造出非科幻的“后人类”、后人类社会图景、人类会最终自我毁灭或被灭绝吗。
●
相关链接 在五车中查询图书 在当当中查询图书 在豆瓣中查询图书


正题名:后人类社会     索取号:Q981.1-49/5         预约/预借

序号 登录号 条形码 馆藏地/架位号 状态 备注
1 2001559326   2001559326   辽三/辽宁北配(第三批)/1339/ [索取号:Q981.1-49/5] 在馆    
2 2001559327   2001559327   辽三/辽宁北配(第三批)/1339/ [索取号:Q981.1-49/5] 在馆    
3 2001559328   2001559328   辽三/辽宁北配(第三批)/1339/ [索取号:Q981.1-49/5] 在馆    
4 2001559329   2001559329   辽三/辽宁北配(第三批)/1339/ [索取号:Q981.1-49/5] 在馆    
5 2001559330   2001559330   辽三/辽宁北配(第三批)/1339/ [索取号:Q981.1-49/5] 在馆    
6 2001559331   2001559331   辽三/辽宁北配(第三批)/1339/ [索取号:Q981.1-49/5] 在馆    
7 2001559332   2001559332   辽三/辽宁北配(第三批)/1339/ [索取号:Q981.1-49/5] 在馆    
8 2001559333   2001559333   辽三/辽宁北配(第三批)/1339/ [索取号:Q981.1-49/5] 在馆    
9 2001559334   2001559334   辽三/辽宁北配(第三批)/1339/ [索取号:Q981.1-49/5] 在馆    
10 2001559335   2001559335   辽三/辽宁北配(第三批)/1339/ [索取号:Q981.1-49/5] 在馆    
11 2001559336   2001559336   辽三/辽宁北配(第三批)/1339/ [索取号:Q981.1-49/5] 在馆    
12 2001559337   2001559337   辽三/辽宁北配(第三批)/1339/ [索取号:Q981.1-49/5] 在馆    
13 2001559338   2001559338   辽三/辽宁北配(第三批)/1339/ [索取号:Q981.1-49/5] 在馆    
14 2001559339   2001559339   辽三/辽宁北配(第三批)/1339/ [索取号:Q981.1-49/5] 在馆    
15 2001559340   2001559340   辽三/辽宁北配(第三批)/1339/ [索取号:Q981.1-49/5] 在馆    
16 2001559341   2001559341   辽三/辽宁北配(第三批)/1339/ [索取号:Q981.1-49/5] 在馆    
17 2001559342   2001559342   辽三/辽宁北配(第三批)/1339/ [索取号:Q981.1-49/5] 在馆    
18 2001559343   2001559343   辽三/辽宁北配(第三批)/1339/ [索取号:Q981.1-49/5] 在馆    
19 2001559344   2001559344   辽三/辽宁北配(第三批)/1339/ [索取号:Q981.1-49/5] 在馆    
20 2001559345   2001559345   辽三/辽宁北配(第三批)/1339/ [索取号:Q981.1-49/5] 在馆    
21 2001559346   2001559346   辽三/辽宁北配(第三批)/1339/ [索取号:Q981.1-49/5] 在馆    
22 2001559347   2001559347   辽三/辽宁北配(第三批)/1339/ [索取号:Q981.1-49/5] 在馆    
23 2001559348   2001559348   辽三/辽宁北配(第三批)/1339/ [索取号:Q981.1-49/5] 在馆    
24 2001559349   2001559349   辽三/辽宁北配(第三批)/1339/ [索取号:Q981.1-49/5] 在馆    
25 2001559350   2001559350   辽三/辽宁北配(第三批)/1339/ [索取号:Q981.1-49/5] 在馆    
26 2001559351   2001559351   辽三/辽宁北配(第三批)/1339/ [索取号:Q981.1-49/5] 在馆    
27 2001559352   2001559352   辽三/辽宁北配(第三批)/1339/ [索取号:Q981.1-49/5] 在馆    
28 2001559353   2001559353   辽三/辽宁北配(第三批)/1339/ [索取号:Q981.1-49/5] 在馆    
29 2001559354   2001559354   辽三/辽宁北配(第三批)/1339/ [索取号:Q981.1-49/5] 在馆    
30 2001559355   2001559355   辽三/辽宁北配(第三批)/1339/ [索取号:Q981.1-49/5] 在馆    
山东省滨州职业学院图书馆 欢迎您!
大连网信软件有限公司© 版权所有